Memoriales o Libro de las cosas de la Nueva España y de los naturales de ella (notice nᵒ 10785)
[ vue normale ]
| 000 -Sello discográfico | |
|---|---|
| campo de control de longitud fija | 01389nam a2200385 4500 |
| 005 - Identificación de versión | |
| campo de control | 20251017062817.0 |
| 035 ## - Otros números de control del sistema | |
| Número de control del sistema | 3146 |
| 099 ## - fechas locales | |
| Tipo de ítem Koha | LIBRO |
| 100 ## - Datos de procesamiento general | |
| Datos de procesamiento general | 20040218d1971 m y1spay5003 ba |
| 105 ## - Campo de datos codificados: Material textual, monográfico | |
| Datos codificados de monografía | y 001zy |
| 200 1# - Título y mención de responsabilidad | |
| Título propio | Memoriales o Libro de las cosas de la Nueva España y de los naturales de ella |
| Designación general del material | texto impreso |
| Otra información del título | nueva transcripción paleográfica del manuscrito original, con inserción de las porciones de la 'Historia de los indios de la Nueva España que completan el texto de los memoriales |
| Primer mención de responsabilidad | Toribio de Benavente Motolinia |
| Declaración de responsabilidad subsiguiente | edición Edmundo O'Gorman |
| 205 ## - Declaración de edición | |
| Declaración de edición | 2a ed |
| 210 ## - Publicación, distribución, etc. | |
| Lugar de publicación, distribución, etc. | México |
| Nombre del editor, distribuidor, etc. | Universidad Nacional Autónoma de México, Instituto de Investigaciones Históricas |
| Fecha de publicación, distribución, etc. | 1971 |
| 215 ## - Descripción física | |
| Designación de material específico y extensión del ítem | 591 p |
| Dimensiones | 24 cm |
| 318 ## - Nota de acción | |
| Acción | No se presta a domicilio |
| 345 ## - Nota de información de adquisición | |
| Fuente de adquisición/dirección de la suscripción [OBSOLETO] | Donación |
| 410 #1 - Series | |
| Título | Serie de historiadores y cronistas de Indias |
| Número de volumen | 2 |
| 606 ## - Término temático usado como materia | |
| Elemento de entrada | Calendario mexicano |
| Número Koha | 5637 |
| 606 ## - Término temático usado como materia | |
| Elemento de entrada | Indios de México |
| Número Koha | 239 |
| 660 ## - Código de área geográfica | |
| Código | MX |
| 676 ## - Clasificación Decimal Dewey | |
| Número | R972.01 M919me |
| 700 ## - Nombre personal - Responsabilidad primaria | |
| Elemento de entrada | Benavente |
| Parte del nombre distinta del elemento de entrada | Toribio de |
| Fechas | c.1482-1569 |
| Adiciones a los nombres que no sean fechas | Fray Motolinía |
| Número Koha | 3962 |
| 702 ## - Nombre personal - Responsabilidad secundaria | |
| Elemento de entrada | O'Gorman |
| Parte del nombre distinta del elemento de entrada | Edmundo |
| Fechas | 1906-1995 |
| Número Koha | 2079 |
| 801 #0 - Fuente de origen | |
| Agencia | cm |
| 900 ## - | |
| -- | 1/6482 |
| 900 ## - | |
| -- | 7100418244\180204 |
| 942 ## - ELEMENTOS DE ENTRADA SECUNDARIOS (KOHA) | |
| Tipo de ítem Koha | Livre |
Pas d'exemplaire disponible.